000 01155cam a2200241 4500
001 ##L133883
008 060615n2006 000 0 eng u
035 _a(Sirsi) u133883
041 0 _aeng
245 0 0 _aEasements
_ba miscellany of points with reference to recent case law
260 _c2006
490 0 _aEMIS Property Service
_v4(6) June 2006, 3-5(3)
520 _aSummarises some points of law prompted by three recent cases. "Jones v Cleanthi" ([2005] EWHC 2646 (QB)) concerns the extinguishment of an easement impliedly by statute. "Carter v Cole" ([2006] EWCA Civ 398, L133715) concerns a dispute relating to the repair of a right of way. "Kent v Kavanagh" ([2006] EWCA Civ 162, L133943) concerns the continuation of an implied easement following enfranchisement of adjacent properties, and involved analysis of the Law of Property Act 1925 s62.
590 _aIKA040706
650 2 4 _aJONES V CLEANTHI
650 2 4 _aCARTER V COLE
650 2 4 _aKENT V KAVANAGH
650 2 4 _aLAW OF PROPERTY ACT 1925 S62
651 4 _aEngland and Wales
_y1543-
690 _aBoundary disputes
_96221
700 1 _aSwerling, Leon
_eeditor.
942 _n0
999 _c77243
_d77243